[Event "FIDE World Rapid-ch Open 2018"]
[White "Grachev, Boris"]
[Black "Zvjaginsev, Vadim"]
[Site "St. Petersburg"]
[Round "13.39"]
[Annotator "ChessBase"]
[Result "1-0"]
[Date "2018.12.28"]
[WhiteElo "2626"]
[BlackElo "2642"]
[PlyCount "93"]
[TimeControl "900+10"]

1. Nf3 {[%emt 0:0:0]} Nf6 {[%emt 0:0:0]} 2. c4 {[%emt 0:0:0]} d6 {[%emt 0:0:32]
} 3. g3 {[%emt 0:0:5]} c5 {[%emt 0:0:23]} 4. Bg2 {[%emt 0:0:0]} Nc6 {[%emt 0:0:5]} 5. 0-0 {[%emt 0:0:22]} g6 {[%emt 0:0:2]} 6. d4 {[%emt 0:0:24]
} cxd4 {[%emt 0:0:2]} 7. Nxd4 {[%emt 0:0:2]} Bd7 {[%emt 0:0:0]} 8. Nc3 {[%emt 0:0:14]} Bg7 {[%emt 0:0:2]} 9. Nc2 {[%emt 0:0:43]} Rc8 {[%emt 0:0:19]
} 10. b3 {[%emt 0:0:29]} Qa5 {[%emt 0:1:9]} 11. Nb5 {[%emt 0:0:0]} a6 {[%emt 0:0:37]} 12. Bd2 {[%emt 0:0:3]} Qd8 {[%emt 0:0:7]} 13. Nc3 {[%emt 0:0:1]} 0-0 {[%emt 0:0:27]} 14. Rc1 {[%emt 0:0:7]} Rb8 {[%emt 0:1:18]
} 15. a4 {[%emt 0:0:25]} Qb6 {[%emt 0:1:58]} 16. Ne3 {[%emt 0:0:0]} e6 {[%emt 0:0:7]} 17. h3 {[%emt 0:0:48]} Rbd8 {[%emt 0:0:55]} 18. Ng4 {[%emt 0:0:51]} Nxg4 {[%emt 0:3:37]} 19. hxg4 {[%emt 0:0:2]} Ne5 {[%emt 0:0:10]
} 20. g5 {[%emt 0:0:57]} Bc6 {[%emt 0:0:16]} 21. Be3 {[%emt 0:0:0]} Qb4 {[%emt 0:0:38]} 22. Bd4 {[%emt 0:0:36]} Bxg2 {[%emt 0:0:48]} 23. Kxg2 {[%emt 0:0:2]} d5 {[%emt 0:0:5]} 24. cxd5 {[%emt 0:0:50]} exd5 {[%emt 0:0:7]
} 25. Rh1 {[%emt 0:0:49]} Qe7 {[%emt 0:0:29]} 26. Qd2 {[%emt 0:0:0]} f6 {[%emt 0:0:43]} 27. gxf6 {[%emt 0:0:56]} Bxf6 {[%emt 0:0:5]} 28. Qe3 {[%emt 0:1:48]} Nc6 {[%emt 0:1:24]} 29. Qxe7 {[%emt 0:0:35]} Bxe7 {[%emt 0:0:2]
} 30. Bb6 {[%emt 0:0:6]} Rd7 {[%emt 0:0:2]} 31. Rhd1 {[%emt 0:0:13]
} d4 {[%emt 0:0:42]} 32. Ne4 {[%emt 0:0:15]} Rd5 {[%emt 0:0:0]} 33. Bc5 {[%emt 0:0:45]} Re5 {[%emt 0:0:57]} 34. Bxe7 {[%emt 0:0:20]} Rxe7 {[%emt 0:0:2]} 35. f3 {[%emt 0:0:5]} h5 {[%emt 0:0:17]} 36. b4 {[%emt 0:0:49]
} Rf5 {[%emt 0:0:8]} 37. Rc5 {[%emt 0:0:49]} Kg7 {[%emt 0:0:0]} 38. Rc4 {[%emt 0:1:5]} g5 {[%emt 0:0:24]} 39. Rc5 {[%emt 0:0:15]} Rxc5 {[%emt 0:0:16]} 40. bxc5 {[%emt 0:0:1]} g4 {[%emt 0:0:9]} 41. Kf2 {[%emt 0:0:28]
} Kg6 {[%emt 0:0:9]} 42. Rb1 {[%emt 0:0:10]} Na5 {[%emt 0:0:0]} 43. Rb6+ {[%emt 0:0:6]} Kf5 {[%emt 0:0:17]} 44. Rh6 {[%emt 0:0:19]} gxf3 {[%emt 0:0:2]} 45. exf3 {[%emt 0:0:5]} Nc4 {[%emt 0:0:14]} 46. Rxh5+ {[%emt 0:0:35]} Kg6 {[%emt 0:0:5]} 47. Rd5 {[%emt 0:0:13]} 1-0

[Event "FIDE World Rapid-ch Open 2018"]
[White "Pantsulaia, Levan"]
[Black "Vishnu Prasanna. V"]
[Site "St. Petersburg"]
[Round "13.40"]
[Annotator "ChessBase"]
[Result "1-0"]
[Date "2018.12.28"]
[WhiteElo "2597"]
[BlackElo "2518"]
[PlyCount "87"]
[TimeControl "900+10"]

1. Nf3 {[%emt 0:0:0]} d5 {[%emt 0:0:0]} 2. g3 {[%emt 0:0:0]} Nf6 {[%emt 0:0:0]
} 3. Bg2 {[%emt 0:0:0]} g6 {[%emt 0:0:9]} 4. c4 {[%emt 0:0:0]} dxc4 {[%emt 0:0:3]} 5. Na3 {[%emt 0:0:0]} Bg7 {[%emt 0:0:7]} 6. Nxc4 {[%emt 0:0:1]} 0-0 {[%emt 0:0:5]} 7. 0-0 {[%emt 0:0:16]} Be6 {[%emt 0:0:0]} 8. b3 {[%emt 0:0:58]} c5 {[%emt 0:0:2]} 9. d4 {[%emt 0:0:8]} cxd4 {[%emt 0:1:17]
} 10. Nxd4 {[%emt 0:0:40]} Bd5 {[%emt 0:0:3]} 11. Bb2 {[%emt 0:0:6]
} Bxg2 {[%emt 0:0:40]} 12. Kxg2 {[%emt 0:0:2]} Nbd7 {[%emt 0:0:0]} 13. e3 {[%emt 0:5:36]} Nb6 {[%emt 0:1:25]} 14. Rc1 {[%emt 0:2:26]} Rc8 {[%emt 0:1:48]} 15. Ba3 {[%emt 0:2:3]} Qd5+ {[%emt 0:2:15]} 16. Qf3 {[%emt 0:0:9]
} Qxf3+ {[%emt 0:0:17]} 17. Kxf3 {[%emt 0:0:5]} Nxc4 {[%emt 0:0:0]} 18. Rxc4 {[%emt 0:0:19]} Rxc4 {[%emt 0:0:59]} 19. bxc4 {[%emt 0:0:0]} Rc8 {[%emt 0:0:2]} 20. c5 {[%emt 0:1:47]} Nd7 {[%emt 0:0:43]} 21. Rc1 {[%emt 0:0:1]} Ne5+ {[%emt 0:1:5]} 22. Ke2 {[%emt 0:0:6]} Nc6 {[%emt 0:0:0]} 23. Nb3 {[%emt 0:0:55]} Rd8 {[%emt 0:0:39]} 24. Rc4 {[%emt 0:0:33]} f5 {[%emt 0:1:22]} 25. Ra4 {[%emt 0:0:1]} Kf7 {[%emt 0:0:50]} 26. Na5 {[%emt 0:0:46]
} Bc3 {[%emt 0:1:45]} 27. Nb3 {[%emt 0:0:16]} a5 {[%emt 0:0:0]} 28. Bc1 {[%emt 0:0:9]} Rd5 {[%emt 0:0:38]} 29. Rc4 {[%emt 0:0:26]} Be5 {[%emt 0:0:22]} 30. Bd2 {[%emt 0:0:9]} Bc7 {[%emt 0:0:2]} 31. a4 {[%emt 0:0:0]} Rd8 {[%emt 0:0:14]} 32. h3 {[%emt 0:0:28]} e5 {[%emt 0:0:6]} 33. Rc2 {[%emt 0:0:30]} h5 {[%emt 0:0:13]} 34. Bc3 {[%emt 0:0:7]} Ke6 {[%emt 0:0:0]} 35. Be1 {[%emt 0:0:18]} e4 {[%emt 0:0:12]} 36. Rb2 {[%emt 0:0:23]} Rd3 {[%emt 0:0:31]} 37. g4 {[%emt 0:0:22]} Be5 {[%emt 0:0:29]} 38. Rb1 {[%emt 0:0:3]
} Bc3 {[%emt 0:0:15]} 39. gxf5+ {[%emt 0:0:8]} gxf5 {[%emt 0:0:0]} 40. Nc1 {[%emt 0:0:2]} Bxe1 {[%emt 0:0:26]} 41. Nxd3 {[%emt 0:0:1]
} exd3+ {[%emt 0:0:3]} 42. Kxe1 {[%emt 0:0:2]} Ne5 {[%emt 0:0:4]} 43. Rxb7 {[%emt 0:0:3]} Kd5 {[%emt 0:0:1]} 44. Kd2 {[%emt 0:0:18]} 1-0

[Event "FIDE World Rapid-ch Open 2018"]
[White "Tari, Aryan"]
[Black "Esipenko, Andrey"]
[Site "St. Petersburg"]
[Round "13.41"]
[Annotator "ChessBase"]
[Result "1-0"]
[Date "2018.12.28"]
[WhiteElo "2620"]
[BlackElo "2593"]
[PlyCount "103"]
[TimeControl "900+10"]

1. e4 {[%emt 0:0:0]} e5 {[%emt 0:0:0]} 2. Nf3 {[%emt 0:0:0]} Nc6 {[%emt 0:0:0]
} 3. d4 {[%emt 0:0:0]} exd4 {[%emt 0:0:0]} 4. Nxd4 {[%emt 0:0:0]} Bb4+ {[%emt 0:0:2]} 5. c3 {[%emt 0:0:1]} Bc5 {[%emt 0:0:1]} 6. Be3 {[%emt 0:0:5]} Bb6 {[%emt 0:0:10]} 7. Nf5 {[%emt 0:0:6]} Bxe3 {[%emt 0:0:41]
} 8. Nxe3 {[%emt 0:0:2]} Nf6 {[%emt 0:0:10]} 9. f3 {[%emt 0:0:0]} 0-0 {[%emt 0:0:13]} 10. Be2 {[%emt 0:0:16]} d6 {[%emt 0:0:21]} 11. c4 {[%emt 0:0:4]} Nd7 {[%emt 0:0:6]} 12. Nc3 {[%emt 0:0:28]} Nc5 {[%emt 0:0:0]} 13. 0-0 {[%emt 0:0:48]} a5 {[%emt 0:0:19]} 14. Qd2 {[%emt 0:1:27]} Be6 {[%emt 0:0:41]} 15. f4 {[%emt 0:0:18]} f6 {[%emt 0:0:21]} 16. Bf3 {[%emt 0:0:50]
} Qe7 {[%emt 0:1:11]} 17. Rad1 {[%emt 0:1:6]} Qf7 {[%emt 0:0:0]} 18. e5 {[%emt 0:1:20]} f5 {[%emt 0:4:56]} 19. exd6 {[%emt 0:0:4]} Rad8 {[%emt 0:0:1]} 20. Nb5 {[%emt 0:0:10]} cxd6 {[%emt 0:0:10]} 21. Qc3 {[%emt 0:0:37]
} Kh8 {[%emt 0:1:33]} 22. Nxd6 {[%emt 0:0:55]} Qe7 {[%emt 0:0:0]} 23. Nb5 {[%emt 0:0:28]} Nb4 {[%emt 0:1:36]} 24. Nd4 {[%emt 0:2:24]} Ne4 {[%emt 0:2:18]} 25. Bxe4 {[%emt 0:0:23]} fxe4 {[%emt 0:0:2]} 26. Nxe6 {[%emt 0:1:4]
} Qxe6 {[%emt 0:0:1]} 27. f5 {[%emt 0:0:8]} Qe7 {[%emt 0:0:0]} 28. Rxd8 {[%emt 0:1:57]} Qxd8 {[%emt 0:0:11]} 29. a3 {[%emt 0:0:30]} Nd3 {[%emt 0:0:11]} 30. Nd5 {[%emt 0:0:3]} b5 {[%emt 0:0:5]} 31. b4 {[%emt 0:1:4]
} axb4 {[%emt 0:1:47]} 32. axb4 {[%emt 0:0:1]} Qd6 {[%emt 0:0:0]} 33. f6 {[%emt 0:0:2]} gxf6 {[%emt 0:0:0]} 34. Nxf6 {[%emt 0:0:5]} Qe5 {[%emt 0:0:6]} 35. Qxe5 {[%emt 0:0:48]} Nxe5 {[%emt 0:0:1]} 36. cxb5 {[%emt 0:0:1]
} Rb8 {[%emt 0:0:20]} 37. Rf5 {[%emt 0:0:10]} Nd3 {[%emt 0:0:0]} 38. Nxe4 {[%emt 0:0:31]} Nxb4 {[%emt 0:0:1]} 39. Kf2 {[%emt 0:0:16]} Nc2 {[%emt 0:0:2]} 40. Rd5 {[%emt 0:0:6]} Na3 {[%emt 0:0:1]} 41. Nd6 {[%emt 0:0:3]
} Nc2 {[%emt 0:0:8]} 42. Rc5 {[%emt 0:0:18]} Nb4 {[%emt 0:0:0]} 43. Rc8+ {[%emt 0:0:15]} Rxc8 {[%emt 0:0:1]} 44. Nxc8 {[%emt 0:0:1]} Kg7 {[%emt 0:0:1]} 45. Ke3 {[%emt 0:0:7]} Kf6 {[%emt 0:0:4]} 46. Kd4 {[%emt 0:0:3]
} Ke6 {[%emt 0:0:2]} 47. Nb6 {[%emt 0:0:47]} Nc2+ {[%emt 0:0:0]} 48. Kc5 {[%emt 0:0:5]} Ne3 {[%emt 0:0:5]} 49. Nc4 {[%emt 0:0:1]} Nxg2 {[%emt 0:0:8]} 50. b6 {[%emt 0:0:1]} Kd7 {[%emt 0:0:0]} 51. Ne5+ {[%emt 0:0:1]
} Kc8 {[%emt 0:0:2]} 52. Kc6 {[%emt 0:0:2]} 1-0

[Event "FIDE World Rapid-ch Open 2018"]
[White "Potkin, Vladimir"]
[Black "Lomasov, Semyon"]
[Site "St. Petersburg"]
[Round "13.42"]
[Annotator "ChessBase"]
[Result "0-1"]
[Date "2018.12.28"]
[WhiteElo "2597"]
[BlackElo "2553"]
[PlyCount "76"]
[TimeControl "900+10"]

1. Nf3 {[%emt 0:0:0]} Nf6 {[%emt 0:0:0]} 2. c4 {[%emt 0:0:0]} c5 {[%emt 0:0:0]
} 3. Nc3 {[%emt 0:0:0]} Nc6 {[%emt 0:0:0]} 4. d4 {[%emt 0:0:0]} cxd4 {[%emt 0:0:0]} 5. Nxd4 {[%emt 0:0:2]} e6 {[%emt 0:0:1]} 6. e4 {[%emt 0:0:2]
} Bb4 {[%emt 0:0:54]} 7. Nxc6 {[%emt 0:0:3]} dxc6 {[%emt 0:0:0]} 8. Qxd8+ {[%emt 0:0:4]} Kxd8 {[%emt 0:0:1]} 9. e5 {[%emt 0:0:5]} Nd7 {[%emt 0:0:21]} 10. Bf4 {[%emt 0:0:12]} Bxc3+ {[%emt 0:4:8]} 11. bxc3 {[%emt 0:0:1]
} b6 {[%emt 0:0:1]} 12. 0-0-0 {[%emt 0:0:5]} Kc7 {[%emt 0:0:0]} 13. h4 {[%emt 0:0:8]} Ba6 {[%emt 0:0:38]} 14. Rh3 {[%emt 0:0:23]} Rad8 {[%emt 0:0:24]} 15. Rg3 {[%emt 0:1:8]} Rhg8 {[%emt 0:0:6]} 16. Bd3 {[%emt 0:1:11]
} g6 {[%emt 0:0:45]} 17. Bg5 {[%emt 0:0:27]} Rde8 {[%emt 0:0:0]} 18. Re3 {[%emt 0:2:18]} Rh8 {[%emt 0:1:30]} 19. Be2 {[%emt 0:1:44]} h6 {[%emt 0:2:10]} 20. Bf4 {[%emt 0:0:1]} Nc5 {[%emt 0:0:40]} 21. Rd4 {[%emt 0:0:27]
} Nb7 {[%emt 0:1:1]} 22. Bg3 {[%emt 0:2:25]} c5 {[%emt 0:0:0]} 23. Rf4 {[%emt 0:0:1]} Re7 {[%emt 0:0:19]} 24. h5 {[%emt 0:1:3]} g5 {[%emt 0:0:43]
} 25. Rf6 {[%emt 0:0:1]} Na5 {[%emt 0:0:9]} 26. Ref3 {[%emt 0:0:23]
} Bxc4 {[%emt 0:0:45]} 27. Rxf7 {[%emt 0:0:11]} Rxf7 {[%emt 0:0:0]} 28. Rxf7+ {[%emt 0:0:2]} Kc6 {[%emt 0:0:1]} 29. Bxc4 {[%emt 0:0:0]} Nxc4 {[%emt 0:0:1]} 30. Rxa7 {[%emt 0:0:5]} Kd5 {[%emt 0:0:16]} 31. Rd7+ {[%emt 0:0:15]} Ke4 {[%emt 0:0:13]} 32. f3+ {[%emt 0:1:22]} Ke3 {[%emt 0:0:4]
} 33. Re7 {[%emt 0:1:39]} Ra8 {[%emt 0:0:25]} 34. Rxe6 {[%emt 0:0:4]
} Rxa2 {[%emt 0:0:24]} 35. Rxh6 {[%emt 0:0:13]} Na3 {[%emt 0:0:0]} 36. Rd6 {[%emt 0:0:18]} Rc2+ {[%emt 0:0:10]} 37. Kd1 {[%emt 0:0:1]} Rb2 {[%emt 0:0:1]} 38. Bf2+ {[%emt 0:0:41]} Rxf2 {[%emt 0:0:4]} 0-1

[Event "FIDE World Rapid-ch Open 2018"]
[White "Carlsson, Pontus"]
[Black "Vallejo Pons, Francisco"]
[Site "St. Petersburg"]
[Round "13.43"]
[Annotator "ChessBase"]
[Result "1-0"]
[Date "2018.12.28"]
[WhiteElo "2463"]
[BlackElo "2695"]
[PlyCount "122"]
[TimeControl "900+10"]

1. e4 {[%emt 0:0:0]} e5 {[%emt 0:0:0]} 2. Nf3 {[%emt 0:0:0]} Nc6 {[%emt 0:0:0]
} 3. d4 {[%emt 0:0:0]} exd4 {[%emt 0:0:0]} 4. Nxd4 {[%emt 0:0:0]} Nf6 {[%emt 0:1:9]} 5. Nc3 {[%emt 0:0:0]} Bc5 {[%emt 0:0:11]} 6. Be3 {[%emt 0:1:5]} Bb6 {[%emt 0:0:4]} 7. Nf5 {[%emt 0:1:28]} 0-0 {[%emt 0:0:0]} 8. Bxb6 {[%emt 0:0:2]} axb6 {[%emt 0:0:1]} 9. Ne3 {[%emt 0:0:1]} d6 {[%emt 0:0:57]} 10. f3 {[%emt 0:0:34]} Nh5 {[%emt 0:0:38]} 11. Qd2 {[%emt 0:0:8]
} Be6 {[%emt 0:1:16]} 12. a3 {[%emt 0:0:24]} Qh4+ {[%emt 0:0:0]} 13. Qf2 {[%emt 0:0:4]} Qf6 {[%emt 0:0:16]} 14. g3 {[%emt 0:1:0]} b5 {[%emt 0:3:13]
} 15. Bxb5 {[%emt 0:0:36]} Nd4 {[%emt 0:0:1]} 16. 0-0 {[%emt 0:1:34]
} c6 {[%emt 0:0:49]} 17. Be2 {[%emt 0:0:29]} Qg6 {[%emt 0:0:0]} 18. Rfd1 {[%emt 0:1:22]} Nf4 {[%emt 0:0:51]} 19. Bf1 {[%emt 0:0:21]} c5 {[%emt 0:0:14]} 20. Kh1 {[%emt 0:1:55]} Nh3 {[%emt 0:0:1]} 21. Bxh3 {[%emt 0:0:4]
} Bxh3 {[%emt 0:0:1]} 22. Ncd5 {[%emt 0:0:29]} Rae8 {[%emt 0:0:0]} 23. Nf4 {[%emt 0:1:26]} Qh6 {[%emt 0:0:1]} 24. Nxh3 {[%emt 0:0:9]} Qxh3 {[%emt 0:0:5]} 25. c3 {[%emt 0:0:6]} Nb3 {[%emt 0:1:9]} 26. Rab1 {[%emt 0:0:2]
} Re6 {[%emt 0:0:40]} 27. Rd5 {[%emt 0:0:38]} b5 {[%emt 0:0:0]} 28. Rbd1 {[%emt 0:0:12]} c4 {[%emt 0:0:1]} 29. Nf5 {[%emt 0:2:2]} Nc5 {[%emt 0:1:16]} 30. Qg2 {[%emt 0:0:13]} Qxg2+ {[%emt 0:0:18]} 31. Kxg2 {[%emt 0:0:2]
} g6 {[%emt 0:0:18]} 32. Nd4 {[%emt 0:0:9]} Re7 {[%emt 0:0:0]} 33. Nxb5 {[%emt 0:0:12]} Rb7 {[%emt 0:0:11]} 34. Nxd6 {[%emt 0:0:11]} Rxb2+ {[%emt 0:0:2]} 35. R1d2 {[%emt 0:0:5]} Rxd2+ {[%emt 0:1:4]} 36. Rxd2 {[%emt 0:0:2]} Na4 {[%emt 0:0:3]} 37. Rd4 {[%emt 0:0:17]} Nxc3 {[%emt 0:0:29]
} 38. Rxc4 {[%emt 0:0:5]} Nd1 {[%emt 0:0:20]} 39. Rc8 {[%emt 0:0:36]
} Ne3+ {[%emt 0:0:18]} 40. Kf2 {[%emt 0:0:9]} Rxc8 {[%emt 0:0:0]} 41. Nxc8 {[%emt 0:0:1]} Nc4 {[%emt 0:0:2]} 42. a4 {[%emt 0:0:2]} Kf8 {[%emt 0:0:1]} 43. f4 {[%emt 0:0:16]} f6 {[%emt 0:0:7]} 44. h4 {[%emt 0:1:5]
} Ke8 {[%emt 0:0:6]} 45. g4 {[%emt 0:0:12]} Kd7 {[%emt 0:0:0]} 46. Na7 {[%emt 0:0:2]} h5 {[%emt 0:0:42]} 47. g5 {[%emt 0:0:17]} fxg5 {[%emt 0:0:3]} 48. hxg5 {[%emt 0:0:4]} h4 {[%emt 0:0:8]} 49. Nb5 {[%emt 0:0:7]
} Nb2 {[%emt 0:0:15]} 50. a5 {[%emt 0:0:38]} Nd3+ {[%emt 0:0:0]} 51. Kf3 {[%emt 0:0:9]} h3 {[%emt 0:0:1]} 52. f5 {[%emt 0:0:38]} Nc5 {[%emt 0:0:5]
} 53. Nc3 {[%emt 0:0:19]} gxf5 {[%emt 0:0:19]} 54. exf5 {[%emt 0:0:1]
} Nb3 {[%emt 0:0:10]} 55. a6 {[%emt 0:0:40]} Nd4+ {[%emt 0:0:0]} 56. Kf2 {[%emt 0:0:6]} Kc6 {[%emt 0:0:18]} 57. f6 {[%emt 0:0:21]} Ne6 {[%emt 0:0:8]} 58. f7 {[%emt 0:0:16]} Kb6 {[%emt 0:0:18]} 59. g6 {[%emt 0:0:0]} h2 {[%emt 0:0:5]} 60. Nd5+ {[%emt 0:0:33]} Kxa6 {[%emt 0:0:23]} 61. Kg2 {[%emt 0:0:14]} Kb5 {[%emt 0:0:6]} 1-0

[Event "FIDE World Rapid-ch Open 2018"]
[White "Kevlishvili, Robby"]
[Black "Inarkiev, Ernesto"]
[Site "St. Petersburg"]
[Round "13.44"]
[Annotator "ChessBase"]
[Result "0-1"]
[Date "2018.12.28"]
[WhiteElo "2451"]
[BlackElo "2693"]
[PlyCount "92"]
[TimeControl "900+10"]

1. e4 {[%emt 0:0:0]} c5 {[%emt 0:0:0]} 2. Nf3 {[%emt 0:0:0]} e6 {[%emt 0:0:0]} 3. d4 {[%emt 0:0:0]} cxd4 {[%emt 0:0:0]} 4. Nxd4 {[%emt 0:0:0]} Nc6 {[%emt 0:0:0]} 5. Nc3 {[%emt 0:0:3]} Qc7 {[%emt 0:0:0]} 6. Qd3 {[%emt 0:0:4]
} a6 {[%emt 0:0:50]} 7. Nxc6 {[%emt 0:0:2]} Qxc6 {[%emt 0:0:0]} 8. Qg3 {[%emt 0:0:4]} b5 {[%emt 0:0:9]} 9. a3 {[%emt 0:0:13]} Bb7 {[%emt 0:0:35]
} 10. Bd3 {[%emt 0:0:2]} Nf6 {[%emt 0:0:14]} 11. 0-0 {[%emt 0:0:0]} h5 {[%emt 0:1:11]} 12. e5 {[%emt 0:1:37]} Nd5 {[%emt 0:0:44]} 13. Nxd5 {[%emt 0:1:33]} Qxd5 {[%emt 0:0:2]} 14. h4 {[%emt 0:0:42]} Be7 {[%emt 0:5:50]
} 15. Bg5 {[%emt 0:0:9]} f6 {[%emt 0:0:1]} 16. Bg6+ {[%emt 0:0:0]} Kd8 {[%emt 0:0:0]} 17. Bf4 {[%emt 0:0:8]} f5 {[%emt 0:0:44]} 18. Rad1 {[%emt 0:0:17]} Qc4 {[%emt 0:0:34]} 19. Rd3 {[%emt 0:0:45]} Bc6 {[%emt 0:0:52]
} 20. Rfd1 {[%emt 0:1:20]} Kc7 {[%emt 0:0:11]} 21. Rc3 {[%emt 0:0:40]
} Qe2 {[%emt 0:0:21]} 22. Rd2 {[%emt 0:1:53]} Qg4 {[%emt 0:0:0]} 23. Qxg4 {[%emt 0:0:7]} hxg4 {[%emt 0:0:1]} 24. h5 {[%emt 0:0:1]} b4 {[%emt 0:0:6]} 25. Rcd3 {[%emt 0:0:16]} bxa3 {[%emt 0:0:20]} 26. bxa3 {[%emt 0:0:1]
} Rab8 {[%emt 0:0:5]} 27. f3 {[%emt 0:0:49]} Bc5+ {[%emt 0:0:0]} 28. Kh2 {[%emt 0:0:2]} gxf3 {[%emt 0:0:6]} 29. gxf3 {[%emt 0:0:2]} Rb1 {[%emt 0:0:5]} 30. Rc3 {[%emt 0:0:49]} Bg1+ {[%emt 0:0:47]} 31. Kh3 {[%emt 0:0:4]
} Bb6 {[%emt 0:0:5]} 32. Rd6 {[%emt 0:0:7]} Rh1+ {[%emt 0:0:0]} 33. Bh2 {[%emt 0:0:17]} Bg1 {[%emt 0:0:1]} 34. Kg2 {[%emt 0:0:13]} Rxh2+ {[%emt 0:0:1]} 35. Kxg1 {[%emt 0:0:3]} Re2 {[%emt 0:0:1]} 36. Rcxc6+ {[%emt 0:0:17]} dxc6 {[%emt 0:0:1]} 37. Rxe6 {[%emt 0:0:5]} Rd8 {[%emt 0:0:8]
} 38. Re7+ {[%emt 0:0:12]} Kb6 {[%emt 0:0:2]} 39. Kf1 {[%emt 0:0:9]
} Rxc2 {[%emt 0:0:53]} 40. Ke1 {[%emt 0:0:1]} Rdd2 {[%emt 0:0:0]} 41. Bxf5 {[%emt 0:0:33]} Ra2 {[%emt 0:0:2]} 42. Bb1 {[%emt 0:1:1]} Rab2 {[%emt 0:0:2]} 43. Re8 {[%emt 0:0:56]} Kc5 {[%emt 0:0:17]} 44. e6 {[%emt 0:2:47]
} Rh2 {[%emt 0:0:13]} 45. Bd3 {[%emt 0:0:2]} Rh1+ {[%emt 0:0:0]} 46. Bf1 {[%emt 0:0:2]} Rb1+ {[%emt 0:0:1]} 0-1

[Event "FIDE World Rapid-ch Open 2018"]
[White "Piorun, Kacper"]
[Black "Abdusattorov, Nodirbek"]
[Site "St. Petersburg"]
[Round "13.45"]
[Annotator "ChessBase"]
[Result "1/2-1/2"]
[Date "2018.12.28"]
[WhiteElo "2634"]
[BlackElo "2546"]
[PlyCount "100"]
[TimeControl "900+10"]

1. c4 {[%emt 0:0:0]} Nf6 {[%emt 0:0:0]} 2. g3 {[%emt 0:0:0]} c6 {[%emt 0:0:0]} 3. Nf3 {[%emt 0:0:5]} d5 {[%emt 0:0:1]} 4. Bg2 {[%emt 0:0:1]} Bf5 {[%emt 0:0:5]} 5. cxd5 {[%emt 0:0:19]} cxd5 {[%emt 0:0:3]} 6. Qb3 {[%emt 0:0:1]
} Qb6 {[%emt 0:0:26]} 7. Qxb6 {[%emt 0:0:8]} axb6 {[%emt 0:0:0]} 8. d3 {[%emt 0:0:1]} Nc6 {[%emt 0:0:13]} 9. Nc3 {[%emt 0:0:19]} e5 {[%emt 0:0:33]
} 10. 0-0 {[%emt 0:3:7]} h6 {[%emt 0:0:50]} 11. Nxd5 {[%emt 0:0:0]} Nxd5 {[%emt 0:0:23]} 12. e4 {[%emt 0:0:1]} Be6 {[%emt 0:0:31]} 13. exd5 {[%emt 0:0:6]} Bxd5 {[%emt 0:0:2]} 14. Nxe5 {[%emt 0:0:45]} Bxg2 {[%emt 0:1:19]
} 15. Kxg2 {[%emt 0:0:6]} Nxe5 {[%emt 0:0:1]} 16. Re1 {[%emt 0:0:1]
} Bd6 {[%emt 0:1:3]} 17. d4 {[%emt 0:2:5]} 0-0 {[%emt 0:0:0]} 18. dxe5 {[%emt 0:0:2]} Rfe8 {[%emt 0:0:4]} 19. f4 {[%emt 0:1:0]} f6 {[%emt 0:1:4]} 20. Rd1 {[%emt 0:0:18]} Bc5 {[%emt 0:1:23]} 21. exf6 {[%emt 0:0:43]
} Rad8 {[%emt 0:0:1]} 22. Rxd8 {[%emt 0:0:35]} Rxd8 {[%emt 0:0:0]} 23. fxg7 {[%emt 0:3:30]} Rd1 {[%emt 0:0:14]} 24. f5 {[%emt 0:0:29]} Rg1+ {[%emt 0:1:56]} 25. Kf3 {[%emt 0:0:1]} Bd4 {[%emt 0:0:1]} 26. g4 {[%emt 0:1:33]
} Bxg7 {[%emt 0:0:5]} 27. h4 {[%emt 0:0:33]} Kf7 {[%emt 0:0:0]} 28. g5 {[%emt 0:0:10]} hxg5 {[%emt 0:0:2]} 29. hxg5 {[%emt 0:0:6]} Rf1+ {[%emt 0:0:48]} 30. Ke4 {[%emt 0:0:23]} Re1+ {[%emt 0:0:3]} 31. Kd3 {[%emt 0:0:7]
} Rf1 {[%emt 0:0:54]} 32. f6 {[%emt 0:0:13]} Bf8 {[%emt 0:0:0]} 33. Kc2 {[%emt 0:0:6]} Bd6 {[%emt 0:0:50]} 34. b4 {[%emt 0:1:26]} Bf4 {[%emt 0:1:55]} 35. Bb2 {[%emt 0:0:12]} Rxa1 {[%emt 0:0:43]} 36. Bxa1 {[%emt 0:0:1]
} Bxg5 {[%emt 0:0:1]} 37. Kd3 {[%emt 0:0:32]} b5 {[%emt 0:0:0]} 38. Bc3 {[%emt 0:0:6]} Ke6 {[%emt 0:0:6]} 39. Ke4 {[%emt 0:0:12]} Bh4 {[%emt 0:0:11]} 40. a3 {[%emt 0:0:18]} Bg5 {[%emt 0:0:3]} 41. Bb2 {[%emt 0:0:0]} Bh4 {[%emt 0:0:3]} 42. Kd3 {[%emt 0:0:19]} Bg5 {[%emt 0:0:9]} 43. Ke4 {[%emt 0:0:8]} Bh4 {[%emt 0:0:2]} 44. f7 {[%emt 0:0:12]} Be7 {[%emt 0:0:0]} 45. Bd4 {[%emt 0:0:7]} Kxf7 {[%emt 0:0:17]} 46. Kd5 {[%emt 0:0:1]} Ke8 {[%emt 0:0:5]} 47. Bc5 {[%emt 0:0:14]} Bg5 {[%emt 0:0:8]} 48. Bd4 {[%emt 0:0:12]
} Bc1 {[%emt 0:0:2]} 49. Kc5 {[%emt 0:0:1]} Bxa3 {[%emt 0:0:0]} 50. Kxb5 {[%emt 0:0:1]} Bxb4 {[%emt 0:0:1]} 1/2-1/2

[Event "FIDE World Rapid-ch Open 2018"]
[White "Bazeev, German"]
[Black "Smirin, Ilia"]
[Site "St. Petersburg"]
[Round "13.46"]
[Annotator "ChessBase"]
[Result "1-0"]
[Date "2018.12.28"]
[WhiteElo "2416"]
[BlackElo "2609"]
[PlyCount "123"]
[TimeControl "900+10"]

1. d4 {[%emt 0:0:0]} Nf6 {[%emt 0:0:0]} 2. Nf3 {[%emt 0:0:0]} g6 {[%emt 0:0:0]
} 3. c4 {[%emt 0:0:0]} Bg7 {[%emt 0:0:0]} 4. Nc3 {[%emt 0:0:0]} d6 {[%emt 0:0:0]} 5. Bg5 {[%emt 0:0:0]} h6 {[%emt 0:0:3]} 6. Bh4 {[%emt 0:0:2]
} g5 {[%emt 0:0:1]} 7. Bg3 {[%emt 0:0:1]} Nh5 {[%emt 0:0:3]
} 8. e3 {[%emt 0:0:3]} Nd7 {[%emt 0:0:13]} 9. Nd2 {[%emt 0:0:5]} Ndf6 {[%emt 0:0:58]
} 10. Nd5 {[%emt 0:0:18]} Nxg3 {[%emt 0:0:47]} 11. Nxf6+ {[%emt 0:0:3]
} exf6 {[%emt 0:0:1]} 12. hxg3 {[%emt 0:0:5]} f5 {[%emt 0:0:0]} 13. Qc2 {[%emt 0:0:8]} c5 {[%emt 0:0:30]} 14. dxc5 {[%emt 0:0:33]} dxc5 {[%emt 0:0:13]} 15. Bd3 {[%emt 0:2:52]} Qf6 {[%emt 0:0:22]} 16. 0-0-0 {[%emt 0:0:6]
} 0-0 {[%emt 0:0:38]} 17. f4 {[%emt 0:0:52]} Re8 {[%emt 0:0:0]} 18. Rhe1 {[%emt 0:0:11]} Bd7 {[%emt 0:0:38]} 19. e4 {[%emt 0:5:8]} gxf4 {[%emt 0:0:20]} 20. gxf4 {[%emt 0:0:2]} Ba4 {[%emt 0:1:4]} 21. b3 {[%emt 0:0:7]
} fxe4 {[%emt 0:0:35]} 22. Nxe4 {[%emt 0:0:20]} Qxf4+ {[%emt 0:0:0]} 23. Qd2 {[%emt 0:0:9]} Qxd2+ {[%emt 0:0:51]} 24. Kxd2 {[%emt 0:0:0]} Bc6 {[%emt 0:0:2]} 25. Nxc5 {[%emt 0:0:24]} Bxg2 {[%emt 0:1:1]} 26. Kc2 {[%emt 0:1:0]} Bf3 {[%emt 0:0:26]} 27. Rxe8+ {[%emt 0:0:29]} Rxe8 {[%emt 0:0:1]
} 28. Rf1 {[%emt 0:0:1]} Bc6 {[%emt 0:0:22]} 29. b4 {[%emt 0:0:0]} Re5 {[%emt 0:1:45]} 30. Nb3 {[%emt 0:0:13]} Rg5 {[%emt 0:0:52]} 31. b5 {[%emt 0:0:9]} Rg2+ {[%emt 0:1:40]} 32. Kc1 {[%emt 0:0:14]} Bd7 {[%emt 0:0:27]
} 33. a4 {[%emt 0:1:43]} Ra2 {[%emt 0:1:9]} 34. a5 {[%emt 0:0:0]} h5 {[%emt 0:0:33]} 35. Bf5 {[%emt 0:0:15]} Be8 {[%emt 0:0:48]} 36. Rd1 {[%emt 0:0:24]} Bf6 {[%emt 0:1:15]} 37. Be4 {[%emt 0:0:47]} b6 {[%emt 0:0:0]} 38. Bc6 {[%emt 0:0:39]} Bxc6 {[%emt 0:0:52]} 39. bxc6 {[%emt 0:0:1]
} Be5 {[%emt 0:0:1]} 40. Rh1 {[%emt 0:1:32]} Ra4 {[%emt 0:0:27]} 41. c5 {[%emt 0:0:17]
} bxa5 {[%emt 0:0:26]} 42. Rxh5 {[%emt 0:0:4]} Bc7 {[%emt 0:0:0]} 43. Rd5 {[%emt 0:0:7]} Rc4+ {[%emt 0:0:6]} 44. Kb2 {[%emt 0:0:21]} a4 {[%emt 0:0:3]} 45. Nd2 {[%emt 0:0:1]} Rg4 {[%emt 0:0:33]} 46. Rd7 {[%emt 0:0:12]
} Be5+ {[%emt 0:0:2]} 47. Kc2 {[%emt 0:0:18]} a3 {[%emt 0:0:0]} 48. c7 {[%emt 0:0:12]} Bxc7 {[%emt 0:0:1]} 49. Rxc7 {[%emt 0:0:0]} Ra4 {[%emt 0:0:3]} 50. Kb1 {[%emt 0:0:11]} Kf8 {[%emt 0:0:8]} 51. Nf3 {[%emt 0:0:12]
} Ke8 {[%emt 0:0:9]} 52. Ne5 {[%emt 0:0:3]} f6 {[%emt 0:0:0]} 53. Nf7 {[%emt 0:0:5]} Ra5 {[%emt 0:0:20]} 54. c6 {[%emt 0:0:18]} a2+ {[%emt 0:0:3]} 55. Ka1 {[%emt 0:0:1]} Rd5 {[%emt 0:0:7]} 56. Rxa7 {[%emt 0:0:14]
} f5 {[%emt 0:0:3]} 57. Ra8+ {[%emt 0:0:19]} Kxf7 58. c7 Rc5 {[%emt 0:0:9]
} 59. c8=Q {[%emt 0:0:2]} Rxc8 {[%emt 0:0:1]} 60. Rxc8 {[%emt 0:0:2]
} Kf6 {[%emt 0:0:6]} 61. Kxa2 {[%emt 0:0:3]} Ke5 {[%emt 0:0:0]} 62. Kb2 1-0